00570nam a22001697a 4500003000400000005001700004008004100021020002200062040003400084082002400118100005100142245004600193250004300239260004200282300003400324650004200358OSt20220704100129.0180228s2017 pe 000 0 spa  a978-612-47289-0-7 cBiblioteca Municipal de Cusco a869.57/B833TbB833T aBriceño Ángeles, Cristhian Andrésd1984- aLa trama invisible /cCristhian Briceño aSegunda edición, primera impresión aLima :bParacaídas Editores,c2020. a111, [4] páginas. :c20 cm. aProsas poéticas peruanasxSiglo XXI